000 00453nam a2200181Ia 4500
001 18464
005 20260306171632.0
008 260306s9999||||xx |||||||||||||| ||und||
041 _aESP
082 _a658.4052
_bM22
100 _aManuel Dasi, Fernando de
_eAUT
245 0 _aTécnicas de negociación:
_bun método práctico
260 _c2010
300 _a313 páginas :
_c24 cm.
650 _aGEN
654 _aCAN
942 _cLIB
_dJUS
_fJUS
_2ddc
_n
999 _c18464
_d18464